කුවේණි
[Kuveni]
Saved in:
| Main Author: | |
|---|---|
| Format: | Book |
| Language: | English |
| Published: |
කොළඹ 7 :
කර්තෘ ප්රකාශන,
|
| Subjects: | |
| Tags: |
Add Tag
No Tags, Be the first to tag this record!
|
MARC
| LEADER | 00000nam a22000007a 4500 | ||
|---|---|---|---|
| 005 | 20260112164027.0 | ||
| 008 | 260112b |||||||| |||| 00| 0 eng d | ||
| 020 | |a 9786249239203 | ||
| 082 | |a 891.483 |b කෝණාර | ||
| 100 | |a කෝණාර, නුවන්ගි | ||
| 245 | |6 880-01 |a කුවේණි |c / නුවන්ගි කෝණාර | ||
| 260 | |a කොළඹ 7 : |b කර්තෘ ප්රකාශන, | ||
| 300 | |a පි. 200 ; |b රු. 1400.00 |c සෙමි. 21 | ||
| 650 | 0 | |a සාහිත්යය | |
| 650 | 0 | |a නැගෙනහිර ඉන්දු යුරෝපීය සහ කෙල්ටික් සාහිත්යය | |
| 650 | 0 | |a සිංහල සාහිත්යය | |
| 650 | 0 | |a සිංහල ප්රබන්ධ | |
| 880 | |6 245-01 |a [Kuveni] | ||
| 942 | |2 ddc |c LBK | ||
| 999 | |c 25420 |d 25420 | ||